000 00695nam a2200217Ia 4500
003 GCL
008 140319s9999 xx 000 0 ara d
040 _aGCL /
_cGCL
082 0 4 _a616.0194
_bم ا
100 1 _aمؤسسة الابحاث اللغوية
245 1 0 _aالايدز: وافدة نقص المناعة المكتسبة /
_cمؤسسة الابحاث اللغوية
260 _a[S.N] :
_bمؤسسة الابحاث اللغوية ،
_c1988
300 _a215 ص
490 _a
650 0 4 _aالعلاج
650 0 4 _aامراض فيروسية
650 0 4 _aالايدز
650 0 4 _aوسائل الوقاية
650 0 4 _aالايدز والاطفال
942 _2ddc
_cBK
999 _c45567
_d45567